LEADER 00938nam0 2200277 450 001 000002290 005 20050630115600.0 010 $a4-924971-03-0 100 $a--------d1996----km-y0itay50------ba 101 1 $aeng 102 $aJP 200 1 $a<>japanese market economy system$eits strengths and weakness$fTsuru Kotaro 210 $aTokyo$cLTCB international library foundation$d1996 215 $aXIV, 157 p.$d24 cm 225 2 $aLTCB international library selection$v4 304 $aTit. orig.: Nihon-teki Shijo-Keizai System 410 0$12001$aLTCB international library selection 610 1 $aGiappone$aEconomia$aSec. 20. 610 1 $aLibera concorrenza$aGiappone 676 $a330.952 700 1$aTsuru,$bKotaro$0464348 801 0$aIT $bUNIPARTHENOPE $gRICA $2UNIMARC 912 $a000002290 951 $cNAVA1$aJAP 330.8$b32639$d20001219 996 $aJapanese market economy system$9222736 997 $aUNIPARTHENOPE